Metody graničnych elementov

Salvato in:
Dettagli Bibliografici
Autore principale: Brebbia, C.A
Altri autori: Telles, J.C.F, Wrobel, L.C, Kornejčuk, L.G
Natura: Libro
Lingua:russo
Pubblicazione: Moskva Mir 1987
Edizione:1. izd.
Tags: Aggiungi Tag
Nessun Tag, puoi essere il primo ad aggiungerne!!

MARC

LEADER 00000nam a2200000 4500
001 c036519
005 20230222081838.4
041 0 |a rus 
044 |a RU 
245 1 0 |a Metody graničnych elementov  |c C.A. Brebbia, J.C.F. Telles, L.C. Wrobel ; [Z angl. prel.] L.G. Kornejčuk 
250 |a 1. izd. 
264 1 |a Moskva  |b Mir  |c 1987 
300 |a 524 s. 
100 1 |a Brebbia, C.A. 
700 1 |a Telles, J.C.F. 
700 1 |a Wrobel, L.C. 
700 1 |a Kornejčuk, L.G.